Jewish Percentages in Towns & Villages - Statistics

General Stats
  • This quiz has been taken 46 times
  • The average score is 5 of 39
Answer Stats
Percentage Jewish Number of Jews City % Correct
18 1,540,000 New York
92%
12.5 519,000 Los Angeles
69%
4.89 276,000 Philadelphia
44%
4.21 103,500 Toronto
44%
8.22 244,000 Buenos Aires
41%
99 22,000 Kiryas Joel
33%
4.55 80,000 Budapest
26%
9 70,000 Marseille
26%
91 600 Deal
23%
59 59,607 Lakewood
18%
71 28,700 Great Neck
10%
90.4 10,700 Beachwood
8%
74.2 5,170 Hampstead
8%
100 3,300 Qirmizi Qesebe
5%
47 4,138 Stamford Hill
5%
50 18,000 Teaneck
5%
46 12,600 Livingston
3%
21 18,000 Newton
3%
21.4 2,300 Bellevue Hill
0%
41.4 6,319 Caulfield North
0%
33.9 4,008 Caulfield South
0%
69.1 20,146 Côte-Saint-Luc
0%
24.4 22,000 Créteil
0%
21.1 10,115 Dollard-des-Ormeaux
0%
48.5 1,840 Dover Heights
0%
17.8 1,846 Elsternwick
0%
56.6 7,358 Golders Green
0%
35.8 7,155 Hendon
0%
25 5,000 Mercer Island
0%
13.8 710 Montreal West
0%
12.0 2,205 Mount Royal
0%
5.98 1,431 Newton Mearns
0%
27.3 2,744 Rose Bay
0%
4 40,000 San Jose, California
0%
25 15,000 Sarcelles
0%
24.8 3,246 St Kilda East
0%
23.2 2,163 Vaucluse
0%
18.2 33,090 Vaughan
0%
23.2 4,495 Westmount
0%
No matching quizzes found
Score Distribution
Percent of People with Each Score
Percentile by Number Answered
Your Score History
You have not taken this quiz